Pluma III : wika at panitikan para sa mataas na paaralan (Record no. 7742)

MARC details
000 -LEADER
fixed length control field 00661nam a22002057a 4500
003 - CONTROL NUMBER IDENTIFIER
control field OSt
005 - DATE AND TIME OF LATEST TRANSACTION
control field 20260305062251.0
008 - FIXED-LENGTH DATA ELEMENTS--GENERAL INFORMATION
fixed length control field 260123b |||||||| |||| 00| 0 eng d
020 ## - INTERNATIONAL STANDARD BOOK NUMBER
International Standard Book Number 978-971-06-2918-3
040 ## - CATALOGING SOURCE
Original cataloging agency DWCL-Main Lib
Transcribing agency OC
082 ## - DEWEY DECIMAL CLASSIFICATION NUMBER
Edition number 2nd ed.
Classification number Fil. 899.211 B163 2010
100 ## - MAIN ENTRY--PERSONAL NAME
Personal name Baisa-julian, Ailene G.
245 ## - TITLE STATEMENT
Title Pluma III : wika at panitikan para sa mataas na paaralan
260 ## - PUBLICATION, DISTRIBUTION, ETC.
Place of publication, distribution, etc. Quezon City :
Name of publisher, distributor, etc. Phoenix Publishing,
Date of publication, distribution, etc. c2010.
300 ## - PHYSICAL DESCRIPTION
Extent xi , 499 p. :
Other physical details ill. ;
Dimensions 26 cm.
504 ## - BIBLIOGRAPHY, ETC. NOTE
Bibliography, etc. note Includes index.
650 ## - SUBJECT ADDED ENTRY--TOPICAL TERM
Topical term or geographic name entry element Philippine literature - Study and teaching (Secondary).
650 ## - SUBJECT ADDED ENTRY--TOPICAL TERM
Topical term or geographic name entry element Philippine literature.
942 ## - ADDED ENTRY ELEMENTS (KOHA)
Source of classification or shelving scheme Dewey Decimal Classification
Koha item type Book-Filipiniana
Suppress in OPAC No
952 ## - LOCATION AND ITEM INFORMATION (KOHA)
--
952 ## - LOCATION AND ITEM INFORMATION (KOHA)
--
952 ## - LOCATION AND ITEM INFORMATION (KOHA)
--
952 ## - LOCATION AND ITEM INFORMATION (KOHA)
--
952 ## - LOCATION AND ITEM INFORMATION (KOHA)
--
952 ## - LOCATION AND ITEM INFORMATION (KOHA)
--
952 ## - LOCATION AND ITEM INFORMATION (KOHA)
--
Holdings
Withdrawn status Lost status Source of classification or shelving scheme Damaged status Not for loan Home library Current library Shelving location Date acquired Source of acquisition Total Checkouts Full call number Barcode Date last seen Copy number Price effective from Koha item type Uniform Resource Identifier
    Dewey Decimal Classification     Junior High School Library Junior High School Library Filipiniana 05/31/2013 Donation   Res. 899.211 B163 JHS - 16622 01/23/2026 c7 01/23/2026 BK - FIL
    Dewey Decimal Classification     Junior High School Library Junior High School Library Filipiniana 01/23/2026     Res. 899.211 B163 JHS - 16243 01/23/2026 c6 01/23/2026 BK - FIL
    Dewey Decimal Classification     Junior High School Library Junior High School Library Filipiniana 07/01/2011 Donation   Res. 899.211 B163 JHS - 15948 01/23/2026 c5 01/23/2026 BK - FIL
    Dewey Decimal Classification     Junior High School Library Junior High School Library Filipiniana 07/01/2011 Donation   Res. 899.211 B163 JHS - 15947 01/23/2026 c4 01/23/2026 BK - FIL
    Dewey Decimal Classification     Junior High School Library Junior High School Library Filipiniana 06/01/2010 Library Fund   Fil. 899.211 B163 JHS - 15546 01/23/2026 c3 01/23/2026 BK - FIL
    Dewey Decimal Classification     Junior High School Library Junior High School Library Filipiniana 06/01/2010 Library Fund   Fil. 899.211 B163 JHS - 15545 01/23/2026 c2 01/23/2026 BK - FIL
    Dewey Decimal Classification     Junior High School Library Junior High School Library Filipiniana 06/01/2010 Library Fund   Fil. 899.211 B163 JHS - 15544 01/23/2026 c1 01/23/2026 BK - FIL